000 01271nam a22002897a 4500
001 BRCA_9238
003 FranzMayer
005 20220930155354.0
008 220930b |||||||| |||| 00| 0 eng d
020 _a9786072928749
040 _bspa
_cMFM
041 _aspa
050 _aTR820.5
_bM33 2021
100 _aMacías, Iván
_928578
245 _aHuellas de la pandemia /
_cIván Macías
260 _aMéxico :
_bOffset Santiago,
_c2021
300 _a190 pp. :
_bfot. ;
_c16.5 x 23 cm.
508 _aCon el apoyo de SONY
508 _aServicios editoriales / Graciela S. Silva y Raquel Sánchez
520 _aEl trabajo del fotoperiodista Iván Macías no deja espacio a la mentira, a la especulación, ni a la grilla de ningún bando político, las fotografías que nos muestra en este documento de inmenso valor son las "Huellas" que ha dejado este 2020 en el epicentro de la tragedia, los hospitales. - Proporcionado por Javier Risco
600 _aMacías, Iván
_xFotógrafos
_zMéxico
_928579
650 _aFotografías
_xPandemia
_xCOVID-19
_y2020
_zMéxico
_928580
650 _aFotografía
_xHospitales
_xMédicos
_zMéxico
_928581
700 _aRisco, Javier
_eprólogo
_928582
700 _aSolórzano, Javier
_epresentación
_928583
942 _2lcc
_cB
999 _c10857
_d10857